Моделирование конструкций ракетно-космической техники методом конечных элементов в среде MSC.NASTRAN с использованием системы твердотельного моделирования SolidWorkc (Запись № 1183753)

Подробности
000 -МАРКЕР
контрольное поле 03491nam0a2200409 4500
001 - ИДЕНТИФИКАТОР ЗАПИСИ
контрольное поле RU\NLR\bibl\1114921
005 - ИДЕНТИФИКАТОР ВЕРСИИ
контрольное поле 20260405134507.0
010 ## - МЕЖДУНАРОДНЫЙ СТАНДАРТНЫЙ НОМЕР КНИГИ (ISBN)
Номер (ISBN) 5-7883-0443-1
Тираж 50
021 ## - НОМЕР ГОСУДАРСТВЕННОЙ РЕГИСТРАЦИИ
Код страны Российская Федерация
Номер 2007-43476
Номер Листа государственной регистраци 2324
035 ## - ДРУГИЕ СИСТЕМНЫЕ НОМЕРА
Идентификатор записи (NLR Aleph) 001101930
100 ## - ДАННЫЕ ОБЩЕЙ ОБРАБОТКИ
Данные общей обработки 20070803d2006 |||y0rusy50 ca
101 0# - ЯЗЫК РЕСУРСА
Язык текста, звукозаписи и т.д. русский
102 ## - СТРАНА ПУБЛИКАЦИИ ИЛИ ПРОИЗВОДСТВА
Страна публикации Российская Федерация
105 ## - ПОЛЕ КОДИРОВАННЫХ ДАННЫХ: ТЕКСТОВЫЕ МАТЕРИАЛЫ, МОНОГРАФИЧЕСКИЕ
Кодированные данные о монографическом текстовом документе a |||||||||
200 1# - ЗАГЛАВИЕ И СВЕДЕНИЯ ОБ ОТВЕТСТВЕННОСТИ
Основное заглавие Моделирование конструкций ракетно-космической техники методом конечных элементов в среде MSC.NASTRAN с использованием системы твердотельного моделирования SolidWorkc
Сведения, относящиеся к заглавию учебное пособие
-- [для студентов специальности 230301 "Моделирование и исследование операций в организационно-технических системах", 150301 "Динамика прочность машин", 160802 "Космические аппараты и разгонные блоки" и специальности 160801 "Ракетостроение"]
Первые сведения об ответственности К.В. Пересыпкин, В.П. Пересыпкин, Е.А. Иванова
Последующие сведения об ответственности Федер. агентство по образованию, Гос. образоват. учреждение высш. проф. образования "Сам. гос. аэрокосм. ун-т им. акад. С.П. Королева"
210 ## - ПУБЛИКАЦИЯ, РАСПРОСТРАНЕНИЕ И ДР.
Место издания, распространения и т.д. Самара
Имя издателя, распространителя и т. д. Изд-во СГАУ
Дата издания, распространения и т.д. 2006
215 ## - ФИЗИЧЕСКАЯ ХАРАКТЕРИСТИКА
Специфическое обозначение материала и объем 213 с.
Другие сведения о физической характеристике ил.
Размеры 21
225 1# - СЕРИЯ
Основное заглавие серии Приоритетные национальные проекты
Наименование части Образование
225 1# - СЕРИЯ
Основное заглавие серии Инновационная образовательная программа "Развитие центра компетенции и подготовка специалистов мирового уровня в области аэрокосмических и геоинформационных технологий"
320 ## - ПРИМЕЧАНИЯ О НАЛИЧИИ В ДОКУМЕНТЕ БИБЛИОГРАФИИ / УКАЗАТЕЛЯ
Текст примечания Библиогр.: с. 213 (10 назв.)
606 1# - НАИМЕНОВАНИЕ ТЕМЫ КАК ПРЕДМЕТ
Наименование темы MSC/NASTRAN, пакет прикладных программ
Формальный подзаголовок Учебные издания для высших учебных заведений
Системный номер авторитетной/нормативной записи 2295635
Идентификатор авторитетной/нормативной записи RU\NLR\auth\661374623
606 1# - НАИМЕНОВАНИЕ ТЕМЫ КАК ПРЕДМЕТ
Наименование темы SolidWorks, система автоматизированного проектирования
Формальный подзаголовок Учебные издания для высших учебных заведений
Системный номер авторитетной/нормативной записи 2234197
Идентификатор авторитетной/нормативной записи RU\NLR\auth\661340897
606 1# - НАИМЕНОВАНИЕ ТЕМЫ КАК ПРЕДМЕТ
Наименование темы Ракетная техника
Формальный подзаголовок Учебные издания для высших учебных заведений
Тематический подзаголовок Компьютерное моделирование
Системный номер авторитетной/нормативной записи 2483019
Идентификатор авторитетной/нормативной записи RU\NLR\auth\661473839
606 1# - НАИМЕНОВАНИЕ ТЕМЫ КАК ПРЕДМЕТ
Наименование темы Космическая техника
Формальный подзаголовок Учебные издания для высших учебных заведений
Тематический подзаголовок Компьютерное моделирование
Системный номер авторитетной/нормативной записи 2483016
Идентификатор авторитетной/нормативной записи RU\NLR\auth\661473838
686 ## - ИНДЕКСЫ ДРУГИХ КЛАССИФИКАЦИЙ
Индекс О63-02-5-05я73-1
686 ## - ИНДЕКСЫ ДРУГИХ КЛАССИФИКАЦИЙ
Индекс О62-02-5-05я73-1
700 #1 - ИМЯ ЛИЦА - ПЕРВИЧНАЯ ОТВЕТСТВЕННОСТЬ
Начальный элемент ввода Пересыпкин
Часть имени, кроме начального элемента ввода К. В.
Расширение инициалов личного имени Константин Владимирович
Код отношения Автор
701 #1 - ИМЯ ЛИЦА - АЛЬТЕРНАТИВНАЯ ОТВЕТСТВЕННОСТЬ
Начальный элемент ввода Пересыпкин
Часть имени, кроме начального элемента ввода В. П.
Расширение инициалов личного имени Владимир Павлович
Код отношения Автор
701 #1 - ИМЯ ЛИЦА - АЛЬТЕРНАТИВНАЯ ОТВЕТСТВЕННОСТЬ
Код отношения Автор
Материалы, к которым относится поле rus
Графика поля Кириллица
Начальный элемент ввода Иванова
Часть имени, кроме начального элемента ввода Е. А.
Дополнения к именам, кроме дат канд. техн. наук
Расширение инициалов личного имени Екатерина Алексеевна
Идентификатор авторитетной/нормативной записи RU\NLR\AUTH\7754986
Системный номер авторитетной/нормативной записи 37918
801 #0 - ИСТОЧНИК ЗАПИСИ
Страна Российская Федерация
Организация NLR
Дата составления 20070803
Правила каталогизации RCR
801 #1 - ИСТОЧНИК ЗАПИСИ
Страна Российская Федерация
Организация NLR
Дата составления 20070803
830 ## - ОБЩЕЕ ПРИМЕЧАНИЕ, СОСТАВЛЕННОЕ КАТАЛОГИЗАТОРОМ
Текст примечания Авт. по кн.
942 ## - ДОПОЛНИТЕЛЬНЫЕ ЭЛЕМЕНТЫ ЗАПИСИ (АБИС)
Тип экземпляра АБИС Книга
980 ## - КОЛЛЕКЦИЯ
Название коллекции Национальная библиография
Экземпляры
Тип экземпляра Дата поступления Источник поступления Библиотека постоянного хранения Библиотека текущего хранения Место хранения Шифр хранения Штрих-код Статус экземпляра
Книга 03.08.2007 Обязательный экземпляр РНБ (Московский) РНБ (Московский) Русский книжный фонд: издания с 1957 года 2007-3/21866 1-2347656  
Книга 03.08.2007 Обязательный экземпляр РНБ (Московский) РНБ (Московский) Русский книжный фонд: издания с 1957 года 2007-3/21866 2482762